Protección jurídica de las innovaciones /
Guardado en:
| Autor Principal: | |
|---|---|
| Otros Autores: | |
| Formato: | Libro |
| Idioma: | Spanish |
| Publicado: |
Buenos Aires :
Ad-Hoc,
2001.
|
| Materias: | |
| Etiquetas: |
Agregar Etiqueta
Sin Etiquetas, Sea el primero en etiquetar este registro!
|
| LEADER | 00576nam a22001695a 4500 | ||
|---|---|---|---|
| 001 | DER.der013980 | ||
| 008 | 190905s2001####ag############000#0#spa#d | ||
| 005 | 20251020121536.0 | ||
| 245 | 1 | 0 | |a Protección jurídica de las innovaciones / |c Teodora Zamudio ; prólogo de Mónica Witthaus. |
| 260 | |a Buenos Aires : |b Ad-Hoc, |c 2001. | ||
| 300 | |a 363 p. | ||
| 500 | |a Patentes. D.O.V.´s. Genoma Humano. Biodiversidad. | ||
| 020 | |a 9508942754 | ||
| 100 | 1 | |a Zamudio, Teodora. | |
| 700 | 1 | |a Witthaus, Mónica, |e prol. | |
| 650 | 7 | |a DERECHOS REALES | |
| 859 | |a DERECHO |b BIB. DERECHO |h 346.0486 |i ZAM |p 009137 | ||
